LEADER 02040nam a2200421 a 4500 001 000000121534 003 CaOOAMICUS 005 20100505105819.0 008 100505s2010 it 001 0 ita r 040 $aPUL$bita$dReb 041 1 $aita$hpol 082 04$a282 100 0 $aIohannes Paulus PP.$bII,$csanto,$d1920-2005.$0(OLS)http://pul/name/1830 240 10$aPamiec tozsamosc. Rozmowy na przetomie tysiacleci$lItaliano.$0(OLS)http://pul/title/152911 245 10$aMemoria e identità /$cGiovanni Paolo II ; introduzione di Joseph Ratzinger Papa Benedetto XVI. 260 $aMilano :$bRizzoli ;$aMilano :$bR.C.S. Quotidiani,$c2010. 300 $ax, 218 p. ;$c19 cm 490 1 $aI libri del Corriere della Sera 500 $aEdizione speciale per Corriere della Sera. 600 04$aIohannes Paulus PP.$bII,$cs.,$d1920-2005$xRiflessioni.$0(OLS)http://pul/subject/36794 650 4$aStoria contemporanea e religione.$0(OLS)http://pul/subject/36795 700 0 $aBenedictus PP.$bXVI,$d1927-2022.$0(OLS)http://pul/name/14991 830 2$aI libri del Corriere della Sera.$0(OLS)http://pul/title/152912 850 $aPUL 852 $aPUL$W1$xSL Religione 3$y85$m282 COLL 1.1$j139490$qDDC 21$B138695$CPULBib$Z2$F138695 $H113545 $82 900 $aWojtyla, Karol,$cs.,$d1920-2005$91830 900 $aGiovanni Paolo II,$cpapa, s.,$d1920-2005$91830 900 $aRatzinger, Joseph,$ccard.,$d1927-2022$914991 900 $aBenedetto XVI,$cpapa,$d1927-$914991 910 $aPapi (1978-2005 : Iohannes Paulus PP. II)$91830 910 $aPapi (1978-2005 : Iohannes Paulus PP. II)$91830 910 $aPapi (2005-2013 : Benedictus PP. XVI)$914991 910 $aPapi (2005-2013 : Benedictus PP. XVI)$914991 941 1 $a9 996 $6082$a282$9(OLS)http://pul/classification/103 996 $6245$aMemoria e identità$9(OLS)http://pul/title/133203 996 $6260$aMilano :$bRizzoli$9(OLS)http://pul/publisher/48712 996 $6260$aMilano :$bR.C.S. Quotidiani$9(OLS)http://pul/publisher/79195 LEADER 01378nam a2200337 a 4500 001 000000172606 003 CaOOAMICUS 005 20190830100920.0 006 a 000 u 008 190830s2018 gw u000 u ger r 020 $a978-3-11-051675-3* 032 $aLibriCat 040 $aPUL$bita 082 04$a103 100 1 $aLienemann, Béatrice.$0(OLS)http://pul/name/110834 245 10$aAristoteles' Konzeption der Zurechnung / $cBéatrice Lienemann. 260 $aBerlin ; ;$aBoston :$bDe Gruyter,$c©2018. 300 $aXIV, 567 p. ;$c24 cm 490 1 $aQuellen und studien zur philosophie ;$vBand 135 500 $aInclude indici. 504 $aBibliografia p. [527]-544. 600 04$aAristoteles,$d384-322 a.C.$xFilosofia.$0(OLS)http://pul/subject/75 830 0$aQuellen und studien zur philosophie ;$vBand 135.$0(OLS)http://pul/title/170599 850 $aPUL 852 $aPUL$W1$xSL Filosofia 3$y81$m103 COLL 1.135$j196551$qDDC 21$B201313$CPULBib$Z2$F201313 $H133258 $82 941 1 $a9 996 $6020$a978-3-11-051675-3* $9(OLS)http://pul/number/166679 996 $6082$a103$9(OLS)http://pul/classification/621 996 $6245$aAristoteles' Konzeption der Zurechnung / $9(OLS)http://pul/title/213574 996 $6260$aBerlin ; $aBoston :$bDe Gruyter$9(OLS)http://pul/publisher/82016